The Leopard. (Record no. 767597)

MARC details
000 -LEADER
fixed length control field 00574nam a2200181Ia 4500
008 - FIXED-LENGTH DATA ELEMENTS--GENERAL INFORMATION
fixed length control field 100921s9999 xx 000 0 und d
082 ## - DEWEY DECIMAL CLASSIFICATION NUMBER
Item number 18484
Classification number 823 थ 61
100 ## - MAIN ENTRY--PERSONAL NAME
Personal name Lampedusa Giuseppe.
245 ## - TITLE STATEMENT
Title The Leopard.
260 ## - PUBLICATION, DISTRIBUTION, ETC. (IMPRINT)
Name of publisher, distributor, etc सिग्नेट बुक्स,अमेरिका.
Date of publication, distribution, etc 1961
300 ## - PHYSICAL DESCRIPTION
Extent 285
Other physical details ---
365 ## - TRADE PRICE
Price amount 0
520 ## - SUMMARY, ETC.
Summary, etc ललित इंग्र्रजी कादंबरी.
630 ## - SUBJECT ADDED ENTRY--UNIFORM TITLE
Uniform title The Leopard.
650 ## - SUBJECT ADDED ENTRY--TOPICAL TERM
Topical term or geographic name as entry element ललित इंग्र्रजी कादंबरी.
730 ## - ADDED ENTRY--UNIFORM TITLE
Uniform title The Leopard.
942 ## - ADDED ENTRY ELEMENTS (KOHA)
Koha item type Book
Holdings
Withdrawn status Lost status Damaged status Not for loan Home library Current library Shelving location Date acquired Cost, normal purchase price Total Checkouts Barcode Date last seen Price effective from Koha item type Public note
        Lo. Tilak Granthasangrahalaya, Wai Lo. Tilak Granthasangrahalaya, Wai     0.00   WAITILAKGS-18484 09/21/2010 09/21/2010 Book देवघेव